Brooklyn nine nine - Statistics

General Stats
  • This quiz has been taken 219 times
  • The average score is 14 of 32
Answer Stats
Questions:) Answer:) % Correct
what is the name of the pontiac bandit? doug judy
91%
who one the first halloween heist jake peralta
86%
season 2: who won the jimmy jab games? amy
84%
what was the name of the lawyer jake was with? sophia perez
76%
what role was assigned to the 99 in 'windbreaker city'? hostages
64%
season 1: how many tv's broadcasted jake's speech? 10
59%
where are amy's parents from? cuba
59%
what figurine did boyle try and get from his adoptive son? captain latvia
57%
what names were jake and holt given when they were put in protection? greg and larry
55%
what magazine does jake use to try and impress kevin? the new yorker
54%
why does jake love sal's pizza? his dad use to take him there practice
52%
when does jake propse to amy? during the halloween heist
51%
who was the "monster in the closet"? pimento
51%
what is holt's addiction? gambling
50%
what were the undercover names jake and amy made up? johnny and dora
49%
what was the corporation that bill was part of? nutriboom
49%
what did amy get promoted to? sergeant
44%
season 3:who was the new captain? the vulture
42%
where were the diamonds hidden in? the pigs at flaxton hills
37%
what did ac/dc stand for? atlantic city detective club
34%
whose cabin did terry,jake and boyle stay in?? lohank
34%
what did doug judy steal to pay back for burning a car filed with drugs? diamonds
31%
who put jake and rosa in prison? lieutenant hawkins
28%
what catchphrase did boyle butcher when saving jake yippie kayak other buckets
28%
what did gina and amy do to distract themselves from rosa being in a shooting? fix the toilet
27%
who was sabotaging jake? geoffrey hoyttsman
24%
what were the two names given to the move boyle and jake performed? man sprinkler, bullet tornado
18%
season 4:where were jake and holt put in protection? coral palms, florida
15%
what was the name of the shoe jake identifies when solving terry's old case? '95 Jordans.
12%
what was the name of jake's old detective friend? stevie schillens
9%
season 5: what were jake's nicknames in prison? picante beef, beefy
8%
what was played at jake and amy's wedding and by who? violins, melipnos
1%
No matching quizzes found
Score Distribution
Percent of People with Each Score
Percentile by Number Answered
Your Score History
You have not taken this quiz